000 00854 a2200253 4500
003 CBULib
005 20240130094424.0
008 240117b |||||||| |||| 00| 0 eng d
040 _cCBULib
_aCBULib
_bEnglish
_erda
041 _aeng
050 _aCBU-PG THESIS/KAS
100 _aKasongo, Martha
_91796
245 _aCoverage and factors associated with access to improved sanitation in Mackenzie compound, Ndola
_c/ by Martha Kasongo
260 _bCopperbelt University,
_c2022.
_aNdola:
300 _ax, 35 pages : illustrations
336 _2rdacontent
_aText |
337 _2rdamedia
_aUnmediated |
_bn
338 _2rdacarrier
_aVolume
_bnc
500 _aincludes bibliographical references and appendices
650 0 _92345
_aSANITATION
650 0 _92346
_aURBAN SANITATION
650 0 _92347
_aMACKENZIE COMPOUND - NDOLA
942 _2lcc
_c030
999 _c84082
_d84082